Идентификация динамики температуры дымовых газов на базе вещественного интерполяционного метода; Научная инициатива иностранных студентов и аспирантов российских вузов; Т. 2

Bibliographische Detailangaben
Parent link:Научная инициатива иностранных студентов и аспирантов российских вузов: сборник докладов VII Всероссийской научно-практической конференции, Томск, 23-25 апреля 2014 г./ Ассоциация иностранных студентов в России (АИС); Национальный исследовательский Томский политехнический университет (ТПУ), Институт международного образования и языковой коммуникации (ИМОЯК).— , 2014
Т. 2.— 2014.— [С. 53-57]
1. Verfasser: Тхан В. З.
Körperschaft: Национальный исследовательский Томский политехнический университет (ТПУ) Институт кибернетики (ИК) Кафедра интегрированных компьютерных систем управления (ИКСУ)
Weitere Verfasser: Гончаров В. И. Валерий Иванович (научный руководитель)
Zusammenfassung:Заглавие с титульного экрана
Sprache:Russisch
Veröffentlicht: 2014
Schlagworte:
Online-Zugang:http://www.lib.tpu.ru/fulltext/c/2014/C19/V2/009.pdf
Format: MixedMaterials Elektronisch Buchkapitel
KOHA link:https://koha.lib.tpu.ru/cgi-bin/koha/opac-detail.pl?biblionumber=611441

MARC

LEADER 00000naa2a2200000 4500
001 611441
005 20231101132646.0
035 |a (RuTPU)RU\TPU\conf\9236 
035 |a RU\TPU\conf\9235 
090 |a 611441 
100 |a 20150324d2014 k y0rusy50 ca 
101 0 |a rus 
102 |a RU 
105 |a y z 101zy 
135 |a drgn ---uucaa 
181 0 |a i  
182 0 |a b 
200 1 |a Идентификация динамики температуры дымовых газов на базе вещественного интерполяционного метода  |f В. З. Тхан  |g науч. рук. В. И. Гончаров 
203 |a Текст  |c электронный 
230 |a 1 компьютерный файл (pdf; 649 Кb) 
300 |a Заглавие с титульного экрана 
320 |a [Библиогр.: с. 57 (4 назв.)] 
337 |a Adobe Reader 
461 1 |0 (RuTPU)RU\TPU\conf\8104  |t Научная инициатива иностранных студентов и аспирантов российских вузов  |o сборник докладов VII Всероссийской научно-практической конференции, Томск, 23-25 апреля 2014 г.  |f Ассоциация иностранных студентов в России (АИС); Национальный исследовательский Томский политехнический университет (ТПУ), Институт международного образования и языковой коммуникации (ИМОЯК)  |o в 3 т.  |d 2014 
463 1 |0 (RuTPU)RU\TPU\conf\8106  |t Т. 2  |v [С. 53-57]  |d 2014 
610 1 |a труды учёных ТПУ 
610 1 |a электронный ресурс 
610 1 |a идентификация 
610 1 |a температура 
610 1 |a дымовые газы 
610 1 |a интерполяционные методы 
610 1 |a математическое описание 
610 1 |a объекты управления 
610 1 |a системы автоматического управления 
700 1 |a Тхан  |b В. З. 
702 1 |a Гончаров  |b В. И.  |c радиотехник, специалист в области информатики и вычислительной техники  |c профессор Томского политехнического университета, доктор технических наук  |f 1937-  |g Валерий Иванович  |2 stltpush  |4 727 
712 0 2 |a Национальный исследовательский Томский политехнический университет (ТПУ)  |b Институт кибернетики (ИК)  |b Кафедра интегрированных компьютерных систем управления (ИКСУ)  |h 131  |2 stltpush  |3 (RuTPU)RU\TPU\col\18701 
801 2 |a RU  |b 63413507  |c 20150324  |g RCR 
856 4 |u http://www.lib.tpu.ru/fulltext/c/2014/C19/V2/009.pdf 
942 |c BK